[Event "Brno op 4th"]
[Site "Brno"]
[Date "2013.11.22"]
[Round "8"]
[White "Paulik, Martin"]
[Black "Bata, Jiri"]
[Result "1-0"]
[WhiteElo "1903"]
[BlackElo "1568"]
[PlyCount "61"]
[EventDate "2013.11.16"]
[EventType "swiss"]
[EventRounds "9"]
[EventCountry "CZE"]
[SourceTitle "CBM 157 Extra"]
[Source "ChessBase"]
[SourceDate "2013.12.19"]
[SourceVersion "1"]
[SourceVersionDate "2013.12.19"]
[SourceQuality "1"]

1. c4 e5 2. g3 Nf6 3. Bg2 d5 4. cxd5 Nxd5 5. Nc3 c6 6. Nf3 Nxc3 7. bxc3 Bd6 8. 0-0 0-0 9. Qc2 f5 10. d4 Nd7 11. e4 f4 12. gxf4 exf4 13. e5 Be7 14. Qe4 Bg5 15. d5 cxd5 16. Qxd5+ Kh8 17. e6 Be7 18. exd7 Qxd7 19. Ne5 Qe8 20. Qd4 Bg5 21. Ba3 Rf6 22. Rfe1 Be6 23. Ng4 Qf7 24. Nxf6 Bxf6 25. Qb4 f3 26. Bxf3 Bh3 27. Qxb7 Qg6+ 28. Kh1 Rd8 29. Be7 Rc8 30. Bxf6 Qxf6 31. Qxc8+ 1-0

[Event "Brno op 4th"]
[Site "Brno"]
[Date "2013.11.16"]
[Round "1"]
[White "Klimina, Nina F"]
[Black "Paulik, Martin"]
[Result "0-1"]
[WhiteElo "1345"]
[BlackElo "1903"]
[PlyCount "60"]
[EventDate "2013.11.16"]
[EventType "swiss"]
[EventRounds "9"]
[EventCountry "CZE"]
[SourceTitle "CBM 157 Extra"]
[Source "ChessBase"]
[SourceDate "2013.12.19"]
[SourceVersion "1"]
[SourceVersionDate "2013.12.19"]
[SourceQuality "1"]

1. d4 Nf6 2. Nf3 d5 3. e3 Bf5 4. Bd3 Bg6 5. 0-0 e6 6. b3 c6 7. Bb2 Bd6 8. Nbd2 Nbd7 9. Qe2 Qc7 10. Bxg6 hxg6 11. g3 0-0-0 12. c4 Ne4 13. c5 Nxd2 14. cxd6 Nxf3+ 15. Qxf3 Qxd6 16. Qxf7 Rh6 17. a4 Qf8 18. Qxe6 Qf3 19. Qe7 Rxh2 20. Qxd8+ Kxd8 21. Kxh2 Nf6 22. Ba3 Ng4+ 23. Kg1 Qf5 24. Kg2 Qc2 25. Rae1 Qxb3 26. Bf8 Qxa4 27. f3 Qc2+ 28. Kh3 Qh2+ 29. Kxg4 Qh5+ 30. Kf4 Qf5# 0-1

[Event "Brno Trade op-A 37th"]
[Site "Brno"]
[Date "2012.08.29"]
[Round "5"]
[White "Paulik, Martin"]
[Black "Majer, Jiri Sr"]
[Result "1-0"]
[WhiteElo "1828"]
[BlackElo "2026"]
[PlyCount "63"]
[EventDate "2012.08.26"]
[EventType "swiss"]
[EventRounds "9"]
[EventCountry "CZE"]
[SourceTitle "CBM 150 Extra"]
[Source "ChessBase"]
[SourceDate "2012.10.19"]
[SourceVersion "1"]
[SourceVersionDate "2012.10.19"]
[SourceQuality "1"]

1. e4 c6 2. d4 d5 3. Nc3 dxe4 4. Nxe4 Nf6 5. Nxf6+ exf6 6. c3 Bd6 7. Bd3 0-0 8. Qc2 Re8+ 9. Ne2 g6 10. Bh6 Qa5 11. h4 Qh5 12. Be3 Bg4 13. 0-0-0 f5 14. Rde1 Nd7 15. Qd2 f4 16. Nxf4 Qa5 17. f3 Be6 18. Nxe6 Rxe6 19. Bc4 Bg3 20. Bxe6 Bxe1 21. Bxf7+ Kxf7 22. Rxe1 Qxa2 23. Bg5 Kg8 24. h5 Nb6 25. hxg6 hxg6 26. Qe2 Qa1+ 27. Kc2 Qa4+ 28. Kb1 Qb3 29. Qd3 Kf7 30. Re7+ Kf8 31. Rxb7 Qe6 32. Bh6+ 1-0

[Event "Brno Trade op-A 37th"]
[Site "Brno"]
[Date "2012.08.26"]
[Round "2"]
[White "Stehlik, Jiri1111"]
[Black "Paulik, Martin"]
[Result "1/2-1/2"]
[WhiteElo "2007"]
[BlackElo "1828"]
[PlyCount "76"]
[EventDate "2012.08.26"]
[EventType "swiss"]
[EventRounds "9"]
[EventCountry "CZE"]
[SourceTitle "CBM 150 Extra"]
[Source "ChessBase"]
[SourceDate "2012.10.19"]
[SourceVersion "1"]
[SourceVersionDate "2012.10.19"]
[SourceQuality "1"]

1. d4 d5 2. Nf3 Nf6 3. g3 Bf5 4. Bg2 e6 5. Nbd2 c5 6. c3 Nc6 7. 0-0 Qb6 8. Qa4 Bd6 9. dxc5 Bxc5 10. e3 0-0 11. Nd4 Bd3 12. Re1 e5 13. Nxc6 bxc6 14. b4 Bd6 15. Qd1 Bg6 16. Nb3 Rfd8 17. Bb2 Qc7 18. f3 c5 19. Qd2 c4 20. Nc1 a5 21. a3 Rab8 22. Bf1 d4 23. exd4 exd4 24. Na2 axb4 25. axb4 dxc3 26. Qxc3 Qb6+ 27. Kh1 Bxb4 28. Nxb4 Qxb4 29. Qxb4 Rxb4 30. Bc3 Rb3 31. Bxf6 gxf6 32. Bxc4 Rxf3 33. Ra2 Rc3 34. Bf1 Rdc8 35. Bg2 Rc1 36. Rae2 R8c2 37. Bf3 Bd3 38. Re3 Bg6 1/2-1/2

[Event "Brno Duras op-A"]
[Site "Brno"]
[Date "2012.06.24"]
[Round "3"]
[White "Prokop, Jiri"]
[Black "Paulik, Martin"]
[Result "0-1"]
[WhiteElo "1799"]
[BlackElo "1827"]
[PlyCount "56"]
[EventDate "2012.06.23"]
[EventType "tourn"]
[EventRounds "9"]
[EventCountry "CZE"]
[SourceTitle "CBM 149 Extra"]
[Source "ChessBase"]
[SourceDate "2012.08.24"]
[SourceVersion "1"]
[SourceVersionDate "2012.08.24"]
[SourceQuality "1"]

1. f4 d5 2. Nf3 Nf6 3. e3 Bf5 4. d4 e6 5. Be2 c5 6. c3 Nc6 7. 0-0 Rc8 8. Ne5 h5 9. Nd2 a6 10. Ndf3 Bd6 11. Nxc6 Rxc6 12. Ne5 Bxe5 13. dxe5 Ne4 14. Bd2 g5 15. Be1 g4 16. g3 Ke7 17. Bd3 Qg8 18. Bxe4 Bxe4 19. b3 h4 20. Qd2 hxg3 21. Bxg3 Rh3 22. Qf2 Rc8 23. Rad1 c4 24. b4 Qg6 25. Rd2 Rch8 26. a4 Rxg3+ 27. Qxg3 Rh3 28. Qe1 g3 0-1

[Event "Brno Trade op"]
[Site "Brno"]
[Date "2011.08.25"]
[Round "6"]
[White "Sipek, Oldrich"]
[Black "Paulik, Martin"]
[Result "0-1"]
[WhiteElo "2027"]
[BlackElo "1616"]
[PlyCount "98"]
[EventDate "2011.08.21"]
[EventType "swiss"]
[EventRounds "9"]
[EventCountry "CZE"]
[SourceTitle "CBM 144 Extra"]
[Source "ChessBase"]
[SourceDate "2011.10.28"]
[SourceVersion "1"]
[SourceVersionDate "2011.10.28"]
[SourceQuality "1"]

1. e4 Nf6 2. d3 d5 3. e5 Nfd7 4. f4 e6 5. Nf3 c5 6. c3 Nc6 7. Be3 f6 8. d4 Qb6 9. Qd2 cxd4 10. cxd4 Bb4 11. Nc3 0-0 12. Bd3 Qd8 13. 0-0 Nb6 14. b3 Bd7 15. Qc2 f5 16. Ne2 Rc8 17. Qb2 Be7 18. a3 Qe8 19. Kh1 Na5 20. Bd2 Bb5 21. Bxa5 Bxd3 22. Bxb6 Rc2 23. Qb1 Qb5 24. Ne1 Bxe2 25. Nxc2 Bxf1 26. Bxa7 Bd3 27. a4 Qa6 28. Bc5 Bxc5 29. dxc5 Rc8 30. Qd1 Be4 31. b4 Qc4 32. Nd4 Qxb4 33. Nxe6 Qb2 34. Qg1 Bxg2+ 35. Qxg2 Qxa1+ 36. Qg1 Qxg1+ 37. Kxg1 h6 38. Nd4 g6 39. Nb3 Kf7 40. Kf2 g5 41. Ke3 b6 42. e6+ Ke7 43. Kd4 bxc5+ 44. Nxc5 gxf4 45. Nd3 Rc4+ 46. Kxd5 Rxa4 47. Ke5 Ra5+ 48. Kxf4 Kxe6 49. Kg3 Ra3 0-1

[Event "Brno Duras op-A"]
[Site "Brno"]
[Date "2011.06.30"]
[Round "7"]
[White "Nemec, Miloslav"]
[Black "Paulik, Martin"]
[Result "1/2-1/2"]
[WhiteElo "1926"]
[BlackElo "1616"]
[PlyCount "105"]
[EventDate "2011.06.25"]
[EventType "swiss"]
[EventRounds "9"]
[EventCountry "CZE"]
[SourceTitle "CBM 143 Extra"]
[Source "ChessBase"]
[SourceDate "2011.08.29"]
[SourceVersion "1"]
[SourceVersionDate "2011.08.29"]
[SourceQuality "1"]

1. Nf3 d5 2. d4 Nf6 3. c4 e6 4. Nc3 Be7 5. Bg5 h6 6. Bh4 0-0 7. e3 c6 8. Bd3 dxc4 9. Bxc4 Nd5 10. Bxe7 Qxe7 11. 0-0 Nd7 12. Rc1 N7f6 13. a3 Re8 14. Bd3 Nd7 15. Bb1 Nxc3 16. Rxc3 e5 17. dxe5 Nxe5 18. Nxe5 Qxe5 19. Qb3 Re7 20. Rd1 Bf5 21. Bxf5 Qxf5 22. Rcd3 a6 23. Qb6 f6 24. f3 Rae8 25. e4 Qe6 26. Kf2 f5 27. Re1 fxe4 28. Rxe4 Qf7 29. Rxe7 Qxe7 30. Re3 Qh4+ 31. Kg1 Rxe3 32. Qxe3 Qf6 33. Qb3+ Qf7 34. Qb6 Qd7 35. g3 Qd1+ 36. Kg2 Qe2+ 37. Qf2 Qe6 38. Qd2 Kf7 39. Kf2 Qe7 40. Qf4+ Ke8 41. Qe3 Kd7 42. Qxe7+ Kxe7 43. Ke3 Ke6 44. Ke4 c5 45. f4 g6 46. g4 h5 47. h3 h4 48. g5 b5 49. f5+ gxf5+ 50. Kf4 a5 51. g6 Kf6 52. g7 Kxg7 53. Kxf5 1/2-1/2

[Event "Brno Duras op-A"]
[Site "Brno"]
[Date "2011.06.26"]
[Round "3"]
[White "Veznik, Michael"]
[Black "Paulik, Martin"]
[Result "1-0"]
[WhiteElo "1822"]
[BlackElo "1616"]
[PlyCount "85"]
[EventDate "2011.06.25"]
[EventType "swiss"]
[EventRounds "9"]
[EventCountry "CZE"]
[SourceTitle "CBM 143 Extra"]
[Source "ChessBase"]
[SourceDate "2011.08.29"]
[SourceVersion "1"]
[SourceVersionDate "2011.08.29"]
[SourceQuality "1"]

1. e4 c5 2. Nf3 Nc6 3. Bb5 g6 4. 0-0 a6 5. Bxc6 bxc6 6. d4 Bg7 7. dxc5 Qa5 8. e5 Qxc5 9. Be3 Qb5 10. Qd2 Qb8 11. Nc3 f6 12. e6 d6 13. Nd4 c5 14. Nde2 Bxe6 15. Nf4 Bf7 16. Rfd1 f5 17. Rab1 Nf6 18. Nfd5 Bxd5 19. Nxd5 Nxd5 20. Qxd5 Qc8 21. b4 c4 22. a4 Rb8 23. b5 axb5 24. axb5 Kd7 25. Rb4 Qb7 26. Qxc4 e6 27. Qb3 Rhc8 28. c4 Ke7 29. Qd3 Qc7 30. Rc1 Qd7 31. Rd1 Qc7 32. Ra4 Rb7 33. Ra6 Qxc4 34. Qxd6+ Kf7 35. Rc6 Rxc6 36. bxc6 Bf8 37. Qxf8+ Kxf8 38. Rd8+ Ke7 39. Bg5+ Kf7 40. cxb7 Qe2 41. h4 Qe1+ 42. Kh2 Qe5+ 43. f4 1-0

[Event "Brno Duras op-A"]
[Site "Brno"]
[Date "2010.06.27"]
[Round "1"]
[White "Svizensky, Lubos"]
[Black "Paulik, Martin"]
[Result "1/2-1/2"]
[WhiteElo "1950"]
[BlackElo "1614"]
[PlyCount "112"]
[EventDate "2010.06.27"]
[EventType "swiss"]
[EventRounds "9"]
[EventCountry "CZE"]
[SourceTitle "CBM 137 Extra"]
[Source "ChessBase"]
[SourceDate "2010.09.01"]
[SourceVersion "1"]
[SourceVersionDate "2010.09.01"]
[SourceQuality "1"]

1. d4 d5 2. c4 e6 3. Nf3 Nf6 4. Bg5 Be7 5. e3 c6 6. Nc3 Nbd7 7. c5 b6 8. b4 a5 9. a3 Ba6 10. Bxa6 Rxa6 11. 0-0 h6 12. Bf4 b5 13. Nd2 Nf8 14. Nb3 a4 15. Nd2 Ng6 16. Bg3 0-0 17. e4 Ra7 18. e5 Nh7 19. f4 f5 20. Be1 Rf7 21. g4 Bh4 22. Bg3 Bxg3 23. hxg3 Ne7 24. Rf2 Qe8 25. Nf1 Rf8 26. Ne3 Qg6 27. Qd3 fxg4 28. Qxg6 Nxg6 29. Nxg4 Raf7 30. Ne3 Ne7 31. Kg2 g5 32. Ne2 Nf5 33. Nxf5 Rxf5 34. Raf1 Kg7 35. g4 R5f7 36. f5 Re8 37. Ng3 Nf8 38. Nh5+ Kh8 39. Nf6 Ree7 40. Rh1 Kg7 41. Nh5+ Kh7 42. Kg3 Nd7 43. f6 Re8 44. Ng7 Rxg7 45. fxg7 Kxg7 46. Rhf1 Re7 47. Rh1 Kg6 48. Rfh2 Rh7 49. Rf1 Re7 50. Rhf2 Kg7 51. Rf3 Kg8 52. Kf2 Rf7 53. Ke3 Rxf3+ 54. Rxf3 Kg7 55. Rf2 Kg6 56. Rf1 Kg7 1/2-1/2